00279nam a2200109Ia 4500100003100000654001300031245006400044260002200108082001800130300000900148546001200157 aMoseley/L.E./ Boodey/D.M.  aComputer aMastering Microsoft office professional for Windows 95 bnoneaDelhic1996 a5.43bmos/boo a1083 aENGLISH